000 00587nam a2200181 u 4500
001 000020493
005 20200930011123.0
008 100813s2016 dr a 000 0 spa d
020 _a9781504963190
020 _a9781504963183
040 _aDO-SdBNP
_bspa
_cBNPHU
082 _axxxxxx
_bxxxxxx
100 1 _aPonceano, Pedro
_943181
245 1 0 _aSabana Grande de Boya y el instituto comercial "Ponciano" /
_cPedro Ponceano.
260 _aSanto Domingo, :
_bauthorHouse,
_c2016.
300 _a191 p. :
_bil. ;
_c23 cm.
500 _aIncluye datos biográficos del autor en la contracubierta
999 _c19997
_d19997